000 00832nam a2200193 a 4500
003 0
005 20250618125906.0
008 021126s19uu xx 00 eng d
050 _aPHS QA 76.3
_b.F45 2000
100 _aFeliciano, Dayle Victor G.
245 _aPerceptions of fourth year high school students on the computer subject offered by Southville International School :
_bschool year 1999-2000 /
_cDayle Victor G. Feliciano.
260 _aLas PiƱas City, Philippines :
_bSouthville International School and Colleges,
_c2000.
300 _a24 pages :
_billustrations ;
_c28 cm.
504 _aIncludes bibliographical references.
650 _aComputer science
_xStudy and teaching (Secondary)
_zPhilippines.
650 _aComputers and education
_zPhilippines.
650 _aComputer literacy
_zPhilippines.
942 _2lcc
_cPASS
999 _c96383
_d96383